000 00750nam a22002057a 4500
999 _c11225
_d11225
003 AR-CdUCM
008 190403b ||||| |||| 00| 0 spa d
020 _a84-85009-29-0
040 _aMUNICIPALIDAD PROVINCIAL DEL CUSCO
_cBIBLIOTECA MUNICIPAL DEL CUSCO
082 _aES / 370.985 /
_bM61
110 _aMinisterio de Educación - Comisión de Reforma de la Educación
_928483
245 _aReforma de la Educación Peruana, Informe General /
260 _aLima :
_bUniverso S. A. ;
_c1970.
300 _a200 páginas ;
_c21cm
505 _aContenido: Bases doctrinarias -- La nueva política educacional -- El sistema de la educación nacional...
650 _aEducación
_9460
650 _aPerú
_935
942 _2ddc
_cLIBROS
945 _anom